[Event "43. Olimpiada Batumi 2018 Femenina"]
[Site "Batumi GEO"]
[Date "2018.10.04"]
[Round "10.3"]
[White "Tsiganova, Monika"]
[Black "Koridze, Lile"]
[Result "0-1"]
[WhiteElo "2102"]
[BlackElo "1931"]
[PlyCount "142"]
[EventDate "2018.09.24"]
[EventType "team-swiss"]
[EventRounds "11"]
[EventCountry "GEO"]
[SourceTitle "Ajedrez en Madrid"]
[Source "lmi"]
[SourceDate "2018.09.24"]
[WhiteTeam "Estonia"]
[BlackTeam "Georgia 3"]
[WhiteTeamCountry "EST"]

1. d4 Nf6 2. Nf3 e6 3. e3 d5 4. Bd3 c5 5. b3 Nc6 6. O-O Bd6 7. Bb2 O-O 8. c4 b6
9. Nbd2 Bb7 10. Rc1 cxd4 11. exd4 Bf4 12. Re1 Nb4 13. Bb1 dxc4 14. Rxc4 Nbd5
15. Ne5 Rc8 16. g3 Bh6 17. Ne4 Nxe4 18. Bxe4 g6 19. Ba3 Re8 20. Qc2 Bg7 21. Rc1
Bxe5 22. Rxc8 Qxc8 23. Qxc8 Rxc8 24. dxe5 Rxc1+ 25. Bxc1 Nc3 26. Bxb7 Ne2+ 27.
Kf1 Nxc1 28. f4 Nxa2 29. Be4 Kf8 30. Ke1 Ke7 31. Kd2 Nb4 32. Kc3 a5 33. Kc4 Kd7
34. Kd4 Kc7 35. Kc4 Nc6 36. Bf3 Na7 37. Be4 Nc6 38. Bf3 Ne7 39. Be4 Nc8 40. b4
axb4 41. Kxb4 Ne7 42. Kc4 Nf5 43. Kb5 h5 44. Bd3 Ne3 45. Be2 Ng4 46. h3 Ne3 47.
Kb4 Nd5+ 48. Kc4 Ne3+ 49. Kd3 Nd5 50. Kc4 h4 51. gxh4 Nxf4 52. Bg4 Kc6 53. Bf3+
Kc7 54. Bg4 Kb7 55. Bf3+ Kc7 56. Bg4 Kd7 57. Kd4 b5 58. Ke4 Nh5 59. Bd1 Kc6 60.
Kd4 Kb6 61. Be2 Nf4 62. Bf1 Nh5 63. Be2 Ng3 64. Bg4 Nf5+ 65. Kc3 Nxh4 66. Kb4
Nf5 67. Kc3 Kc5 68. Bf3 Ne7 69. Kd3 b4 70. h4 Nc6 71. Ke4 Nd4 0-1

[Event "43. Olimpiada Batumi 2018 Femenina"]
[Site "Batumi GEO"]
[Date "2018.10.04"]
[Round "10.4"]
[White "Esadze, Tamari"]
[Black "Narva, Triin"]
[Result "1-0"]
[WhiteElo "1911"]
[BlackElo "2113"]
[PlyCount "81"]
[EventDate "2018.09.24"]
[EventType "team-swiss"]
[EventRounds "11"]
[EventCountry "GEO"]
[SourceTitle "Ajedrez en Madrid"]
[Source "lmi"]
[SourceDate "2018.09.24"]
[WhiteTeam "Georgia 3"]
[BlackTeam "Estonia"]
[BlackTeamCountry "EST"]

1. e4 c5 2. Nf3 g6 3. d4 cxd4 4. Nxd4 Bg7 5. Nc3 Nc6 6. Be3 Nf6 7. f3 O-O 8.
Bc4 d6 9. Qd2 Bd7 10. O-O-O Rc8 11. Bb3 Nxd4 12. Bxd4 b5 13. h4 e6 14. h5 b4
15. Nb1 a5 16. c3 a4 17. Bc2 e5 18. Be3 Be6 19. h6 Bh8 20. Qxd6 Qxd6 21. Rxd6
Bxa2 22. Bxa4 Ne8 23. Rc6 Rxc6 24. Bxc6 Nc7 25. cxb4 Bf6 26. Nc3 Bb3 27. b5 Ne6
28. Bd5 Nd4 29. Bxb3 Nxb3+ 30. Kc2 Nd4+ 31. Bxd4 exd4 32. Nd5 Rc8+ 33. Kd3 Bd8
34. Kxd4 Rc2 35. Ra1 Kf8 36. b4 Ke8 37. b6 Rc8 38. Ra7 Rb8 39. Kc5 Bh4 40. Kc6
Bf2 41. Nf6+ 1-0

[Event "43. Olimpiada Batumi 2018 Femenina"]
[Site "Batumi GEO"]
[Date "2018.10.04"]
[Round "10.1"]
[White "Repkova, Eva"]
[Black "Shamima, Akter"]
[Result "1-0"]
[WhiteElo "2288"]
[BlackElo "2152"]
[PlyCount "87"]
[EventDate "2018.09.24"]
[EventType "team-swiss"]
[EventRounds "11"]
[EventCountry "GEO"]
[SourceTitle "Ajedrez en Madrid"]
[Source "lmi"]
[SourceDate "2018.09.24"]
[WhiteTeam "Slovakia"]
[BlackTeam "Bangladesh"]
[WhiteTeamCountry "SVK"]
[BlackTeamCountry "BAN"]

1. d4 d5 2. Bf4 c5 3. e3 Nc6 4. c3 Nf6 5. Nd2 Qb6 6. Qb3 c4 7. Qc2 g6 8. e4
Nxe4 9. Nxe4 dxe4 10. d5 Nb8 11. Bxc4 Bf5 12. Be3 Qc7 13. Qa4+ Nd7 14. Bd4 f6
15. Ne2 Rc8 16. Bb3 a6 17. Ng3 Bh6 18. O-O Bf4 19. Be3 Bd6 20. Bc2 Kf7 21. Bxe4
Bxe4 22. Qxe4 h5 23. Kh1 Ne5 24. f4 Ng4 25. Bd4 Qd7 26. Rae1 h4 27. Qe6+ Qxe6
28. dxe6+ Kg7 29. Ne4 Bb8 30. Nc5 Nh6 31. Nxb7 Nf5 32. Nc5 Ba7 33. b4 Rh5 34.
Rf3 Rc6 35. Bf2 Rd6 36. a4 Rd2 37. Kg1 Rh8 38. Nxa6 Bxf2+ 39. Rxf2 Rd3 40. Rf3
Rd2 41. b5 Ra2 42. Nc5 Rc8 43. Nd7 Rxa4 44. Nb6 1-0

[Event "43. Olimpiada Batumi 2018 Femenina"]
[Site "Batumi GEO"]
[Date "2018.10.04"]
[Round "10.2"]
[White "Parveen, Tanima"]
[Black "Stockova, Zuzana"]
[Result "0-1"]
[WhiteElo "2022"]
[BlackElo "2290"]
[PlyCount "90"]
[EventDate "2018.09.24"]
[EventType "team-swiss"]
[EventRounds "11"]
[EventCountry "GEO"]
[SourceTitle "Ajedrez en Madrid"]
[Source "lmi"]
[SourceDate "2018.09.24"]
[WhiteTeam "Bangladesh"]
[BlackTeam "Slovakia"]
[WhiteTeamCountry "BAN"]
[BlackTeamCountry "SVK"]

1. e4 c5 2. c3 d5 3. exd5 Qxd5 4. d4 g6 5. Nf3 Bg7 6. Be2 Nf6 7. O-O O-O 8.
dxc5 Qxc5 9. Be3 Qc7 10. Na3 a6 11. Qb3 Nbd7 12. Qc4 Qb8 13. Rfd1 b5 14. Qb4
Re8 15. Qb3 Ng4 16. Bd4 Bh6 17. h3 Ngf6 18. Nc2 Bb7 19. c4 e6 20. cxb5 Bd5 21.
Qb4 Bf8 22. Qa5 axb5 23. Qxb5 Qd6 24. Ne3 Reb8 25. Qd3 Bxa2 26. Rxa2 Rxa2 27.
Qb1 Rba8 28. Bxf6 Ra1 29. Rxd6 Rxb1+ 30. Rd1 Rxd1+ 31. Bxd1 Nxf6 32. Kf1 Ra1
33. Ke2 Rb1 34. b3 Rb2+ 35. Bc2 Nd5 36. Kd2 Bb4+ 37. Kc1 Ra2 38. Nd1 Nf4 39.
Ne3 Ne2+ 40. Kb1 Nc3+ 41. Kc1 Ba3+ 42. Kd2 Ne4+ 43. Ke2 Nc5 44. Nd2 Bb4 45.
Ndc4 Nxb3 0-1

[Event "43. Olimpiada Batumi 2018 Femenina"]
[Site "Batumi GEO"]
[Date "2018.10.04"]
[Round "10.3"]
[White "Cibickova, Zuzana"]
[Black "Sultana, Sharmin Shirin"]
[Result "1-0"]
[WhiteElo "2268"]
[BlackElo "1974"]
[PlyCount "73"]
[EventDate "2018.09.24"]
[EventType "team-swiss"]
[EventRounds "11"]
[EventCountry "GEO"]
[SourceTitle "Ajedrez en Madrid"]
[Source "lmi"]
[SourceDate "2018.09.24"]
[WhiteTeam "Slovakia"]
[BlackTeam "Bangladesh"]
[WhiteTeamCountry "SVK"]
[BlackTeamCountry "BAN"]

1. e4 c5 2. Nf3 e6 3. d4 cxd4 4. Nxd4 a6 5. c4 Qc7 6. Nc3 Nf6 7. Be2 Nc6 8. O-O
b6 9. Nxc6 dxc6 10. Be3 c5 11. f4 Bb7 12. Bf3 Be7 13. e5 Rd8 14. Qe2 Nd7 15.
Bxb7 Qxb7 16. Rf3 O-O 17. Rh3 g6 18. Bf2 Rfe8 19. Ne4 f5 20. exf6 Nxf6 21. Ng5
Rd6 22. Qc2 Bf8 23. Nxh7 Qxh7 24. Rxh7 Kxh7 25. Rd1 Red8 26. Rxd6 Rxd6 27. Be1
Ng4 28. Bc3 Ne3 29. Qe4 Nf5 30. g4 Nd4 31. h4 Bg7 32. h5 e5 33. hxg6+ Rxg6 34.
f5 Rf6 35. g5 Rxf5 36. Bxd4 Kg6 37. Be3 1-0

[Event "43. Olimpiada Batumi 2018 Femenina"]
[Site "Batumi GEO"]
[Date "2018.10.04"]
[Round "10.4"]
[White "Hamid, Rani"]
[Black "Ferkova, Dominika"]
[Result "1/2-1/2"]
[WhiteElo "1909"]
[BlackElo "2060"]
[PlyCount "68"]
[EventDate "2018.09.24"]
[EventType "team-swiss"]
[EventRounds "11"]
[EventCountry "GEO"]
[SourceTitle "Ajedrez en Madrid"]
[Source "lmi"]
[SourceDate "2018.09.24"]
[WhiteTeam "Bangladesh"]
[BlackTeam "Slovakia"]
[WhiteTeamCountry "BAN"]
[BlackTeamCountry "SVK"]

1. e4 c6 2. d4 d5 3. Nc3 dxe4 4. Nxe4 Bf5 5. Ng3 Bg6 6. Nf3 Nd7 7. h4 h6 8. h5
Bh7 9. Bd3 Bxd3 10. Qxd3 e6 11. Bd2 Ngf6 12. O-O-O Be7 13. Kb1 O-O 14. Ne4 Nxe4
15. Qxe4 Nf6 16. Qe2 Qd5 17. g4 Qe4 18. Qxe4 Nxe4 19. Be3 f5 20. Ne5 f4 21. Ng6
fxe3 22. Nxe7+ Kh7 23. fxe3 Nf2 24. Ng6 Rf6 25. Kc1 Nxh1 26. Rxh1 Rc8 27. b4
Rf3 28. Kd2 Rf2+ 29. Kd3 b6 30. Rb1 Rd8 31. a4 Rd7 32. Ne5 Rc7 33. a5 b5 34.
Rg1 Rf6 1/2-1/2

[Event "43. Olimpiada Batumi 2018 Femenina"]
[Site "Batumi GEO"]
[Date "2018.10.04"]
[Round "10.1"]
[White "Tan, Li Ting"]
[Black "Rogule, Laura"]
[Result "1/2-1/2"]
[WhiteElo "2054"]
[BlackElo "2268"]
[PlyCount "73"]
[EventDate "2018.09.24"]
[EventType "team-swiss"]
[EventRounds "11"]
[EventCountry "GEO"]
[SourceTitle "Ajedrez en Madrid"]
[Source "lmi"]
[SourceDate "2018.09.24"]
[WhiteTeam "Malaysia"]
[BlackTeam "Latvia"]
[WhiteTeamCountry "MAS"]
[BlackTeamCountry "LAT"]

1. d4 d5 2. c4 e6 3. Nc3 Nf6 4. Bg5 Nbd7 5. cxd5 exd5 6. e3 Be7 7. Bd3 c6 8.
Nf3 Nh5 9. Bxe7 Qxe7 10. O-O Nhf6 11. Qc2 O-O 12. Rab1 a5 13. Na4 Ne4 14. Bxe4
dxe4 15. Nd2 Re8 16. Rfc1 h5 17. a3 h4 18. h3 Ra7 19. b4 axb4 20. axb4 b5 21.
Nc5 Nf6 22. Ra1 Rxa1 23. Rxa1 g5 24. Ncb3 g4 25. Qxc6 gxh3 26. Ra8 Bf5 27.
Rxe8+ Nxe8 28. Qxb5 Nd6 29. Qe5 Qg5 30. g3 Qg6 31. Kh2 hxg3+ 32. Qxg3 Bg4 33.
Nc5 Kh7 34. Qh4+ Kg7 35. Qg3 Kh7 36. Qh4+ Kg7 37. Qg3 1/2-1/2

[Event "43. Olimpiada Batumi 2018 Femenina"]
[Site "Batumi GEO"]
[Date "2018.10.04"]
[Round "10.2"]
[White "Berzina, Ilze"]
[Black "Bakri, Alia Anin Azwa"]
[Result "1-0"]
[WhiteElo "2218"]
[BlackElo "2005"]
[PlyCount "109"]
[EventDate "2018.09.24"]
[EventType "team-swiss"]
[EventRounds "11"]
[EventCountry "GEO"]
[SourceTitle "Ajedrez en Madrid"]
[Source "lmi"]
[SourceDate "2018.09.24"]
[WhiteTeam "Latvia"]
[BlackTeam "Malaysia"]
[WhiteTeamCountry "LAT"]
[BlackTeamCountry "MAS"]

1. b3 Nf6 2. Bb2 e6 3. e3 d5 4. f4 c5 5. Nf3 Bd6 6. Bd3 a6 7. O-O Nbd7 8. Qe1
O-O 9. Ne5 Re8 10. Rf3 Bf8 11. Qh4 Ne4 12. Qh3 Nxe5 13. Bxe5 g6 14. g4 f6 15.
Bb2 Bg7 16. Qg2 Bd7 17. Bxe4 dxe4 18. Rf2 Bc6 19. Nc3 Rc8 20. Raf1 Qe7 21. Ne2
Bb5 22. c4 Bc6 23. f5 exf5 24. gxf5 g5 25. h4 h6 26. hxg5 hxg5 27. Qh3 Red8 28.
Ng3 Rc7 29. Rh2 Kf8 30. Qh7 Be8 31. Qh3 Bf7 32. Qg4 Re8 33. Rh7 Bg8 34. Rxg7
Qxg7 35. Nh5 Qh6 36. Nxf6 Rd8 37. Nxe4 Rh7 38. Qg2 g4 39. Nf6 Rc7 40. Nxg4 Qc6
41. e4 b6 42. Bc3 Rh7 43. Rf4 Qd6 44. Nf6 Rh8 45. Rh4 Ke7 46. Rxh8 Bf7 47. Rxd8
Qxd8 48. Nd5+ Ke8 49. Bf6 Qb8 50. Qh2 Qxh2+ 51. Kxh2 b5 52. Kg3 Kd7 53. Kf4
bxc4 54. bxc4 Bh5 55. e5 1-0

[Event "43. Olimpiada Batumi 2018 Femenina"]
[Site "Batumi GEO"]
[Date "2018.10.04"]
[Round "10.3"]
[White "Azman Hisham, Nur Nabila"]
[Black "Otikova, Elina"]
[Result "1-0"]
[WhiteElo "1943"]
[BlackElo "2123"]
[PlyCount "151"]
[EventDate "2018.09.24"]
[EventType "team-swiss"]
[EventRounds "11"]
[EventCountry "GEO"]
[SourceTitle "Ajedrez en Madrid"]
[Source "lmi"]
[SourceDate "2018.09.24"]
[WhiteTeam "Malaysia"]
[BlackTeam "Latvia"]
[WhiteTeamCountry "MAS"]
[BlackTeamCountry "LAT"]

1. d4 d5 2. c4 e6 3. Nf3 Nf6 4. Nc3 Bb4 5. Qc2 O-O 6. Bg5 h6 7. Bh4 dxc4 8. e3
b5 9. a4 c6 10. Bxf6 gxf6 11. axb5 cxb5 12. Qe4 Qd5 13. Qf4 Kg7 14. e4 Qc6 15.
g4 Bb7 16. Nd2 Nd7 17. Qe3 e5 18. d5 Qc5 19. Qf3 a5 20. h4 Rh8 21. Rg1 Bxc3 22.
bxc3 Qe7 23. Qf5 Nf8 24. g5 hxg5 25. hxg5 Ng6 26. Nf3 Bc8 27. gxf6+ Qxf6 28.
Qxe5 Qxe5 29. Nxe5 Rh4 30. f3 Kf6 31. Nxg6 fxg6 32. Kd2 a4 33. Ke3 g5 34. Ra2
Bd7 35. Rag2 a3 36. Ra2 Rhh8 37. Be2 Rhc8 38. Rga1 b4 39. cxb4 c3 40. Bd3 Ke5
41. Bc2 Rab8 42. Rb1 Rf8 43. Rxa3 g4 44. Rf1 gxf3 45. Rxc3 Bg4 46. Rb3 Rb6 47.
Bd1 Rf4 48. Bc2 Rbf6 49. Rf2 Rh6 50. b5 Rb6 51. Rb4 Rf8 52. Bd1 Ra8 53. Bc2 Ra1
54. Bd3 Re1+ 55. Kd2 Ra1 56. Rf1 Ra2+ 57. Ke3 Ra3 58. Rg1 Bh3 59. Rg5+ Kf6 60.
Rh5 Rxd3+ 61. Kxd3 f2 62. Rb1 Rxb5 63. Rxh3 Rxb1 64. Rf3+ Ke5 65. Rf5+ Kd6 66.
Rxf2 Rb3+ 67. Kd4 Rb4+ 68. Ke3 Rb3+ 69. Kf4 Rb8 70. Rh2 Rf8+ 71. Ke3 Rf1 72.
Rh6+ Kd7 73. Kd4 Rd1+ 74. Ke5 Ra1 75. Rh7+ Ke8 76. Ke6 1-0

[Event "43. Olimpiada Batumi 2018 Femenina"]
[Site "Batumi GEO"]
[Date "2018.10.04"]
[Round "10.4"]
[White "Limanovska, Elizabete"]
[Black "Nithyalakshmi, Sivanesan"]
[Result "1/2-1/2"]
[WhiteElo "2064"]
[BlackElo "1866"]
[PlyCount "130"]
[EventDate "2018.09.24"]
[EventType "team-swiss"]
[EventRounds "11"]
[EventCountry "GEO"]
[SourceTitle "Ajedrez en Madrid"]
[Source "lmi"]
[SourceDate "2018.09.24"]
[WhiteTeam "Latvia"]
[BlackTeam "Malaysia"]
[WhiteTeamCountry "LAT"]
[BlackTeamCountry "MAS"]

1. e4 d6 2. d4 g6 3. Nc3 Bg7 4. f4 Nf6 5. Nf3 O-O 6. Bd3 Nc6 7. O-O Bg4 8. Ne2
Nb4 9. h3 Nxd3 10. Qxd3 Bd7 11. g4 c5 12. dxc5 dxc5 13. e5 Nxg4 14. hxg4 Bxg4
15. Qxd8 Rfxd8 16. Be3 b6 17. Kf2 f6 18. exf6 exf6 19. Rad1 Re8 20. Bd2 Bf5 21.
Bc3 Bxc2 22. Rd2 Ba4 23. Ng3 Rad8 24. f5 Rxd2+ 25. Nxd2 Bc2 26. Kf3 gxf5 27.
Rg1 Kf7 28. Nh5 Bh6 29. Nc4 Rd8 30. Nxf6 Rd3+ 31. Ke2 Rxc3 32. bxc3 Kxf6 33.
Rh1 Kg7 34. Nd6 Bf4 35. Nc8 Bb8 36. Rc1 Be4 37. Rd1 h5 38. Nd6 Bc2 39. Rc1 Ba4
40. Nxf5+ Kf6 41. Nh4 Kg5 42. Nf3+ Kf4 43. Rg1 Bc6 44. Nh4 Bd7 45. Rg8 Bg4+ 46.
Kf2 Bd6 47. Ra8 Kg5 48. Ng2 Be5 49. Rxa7 Bxc3 50. Rb7 Bd4+ 51. Kf1 h4 52. Nxh4
Kxh4 53. Rxb6 Bf3 54. a4 Kg3 55. a5 Kf4 56. a6 Ke5 57. a7 c4 58. Rb5+ Kd6 59.
Ra5 c3 60. Ke1 c2 61. Ra6+ Kc7 62. Kd2 Be4 63. a8=Q Be3+ 64. Kxe3 Bxa8 65. Kd2
Be4 1/2-1/2

[Event "43. Olimpiada Batumi 2018 Femenina"]
[Site "Batumi GEO"]
[Date "2018.10.04"]
[Round "10.1"]
[White "Samaganova, Alexandra"]
[Black "Cornette, Deimante"]
[Result "1-0"]
[WhiteElo "2024"]
[BlackElo "2462"]
[PlyCount "139"]
[EventDate "2018.09.24"]
[EventType "team-swiss"]
[EventRounds "11"]
[EventCountry "GEO"]
[SourceTitle "Ajedrez en Madrid"]
[Source "lmi"]
[SourceDate "2018.09.24"]
[WhiteTeam "Kyrgyzstan"]
[BlackTeam "Lithuania"]
[WhiteTeamCountry "KGZ"]
[BlackTeamCountry "LTU"]

1. c4 b6 2. Nc3 Bb7 3. Nf3 Nf6 4. e3 e6 5. Be2 d5 6. O-O Bd6 7. b3 a6 8. Bb2
O-O 9. Qc2 Nbd7 10. d4 Rc8 11. Rac1 c5 12. Rfd1 Qe7 13. Qb1 dxc4 14. bxc4 cxd4
15. Rxd4 Ne5 16. Nxe5 Bxe5 17. Rdd1 Bb8 18. Rd4 Qc5 19. Rcd1 Qg5 20. g3 Qc5 21.
Rh4 h6 22. Qc2 Qc6 23. f3 Qc5 24. Qc1 b5 25. Kf2 Be5 26. Nb1 Rfd8 27. Nd2 Bxb2
28. Qxb2 b4 29. Nb3 Qf5 30. Rf4 Qh5 31. Rh4 Qg6 32. Na5 Ba8 33. Nb3 Ne8 34.
Rhd4 Rxd4 35. Qxd4 Qh5 36. Kg2 Nf6 37. Rd2 e5 38. Qb6 Qg5 39. Rd8+ Rxd8 40.
Qxd8+ Kh7 41. Qxa8 Qxe3 42. Kf1 e4 43. Qc8 Kg6 44. Qc5 Qc3 45. fxe4 Nxe4 46.
Bh5+ Kf6 47. Qc6+ Kg5 48. Qxe4 Kxh5 49. Qf5+ g5 50. Qxf7+ Kg4 51. Qe6+ Kh5 52.
Qe8+ Kg4 53. Qe2+ Kf5 54. Nc5 Qc1+ 55. Kg2 Kg6 56. Nxa6 Qa3 57. Nc5 Qc1 58. Nd7
Qb1 59. Qe6+ Kg7 60. Qf6+ Kg8 61. Qf8+ Kh7 62. Qe7+ Kh8 63. Qe5+ Kg8 64. Qd5+
Kg7 65. c5 Qc2+ 66. Kh3 Qf2 67. Qe5+ Kg8 68. Qe8+ Kg7 69. Qe7+ Kh8 70. Qf6+ 1-0

[Event "43. Olimpiada Batumi 2018 Femenina"]
[Site "Batumi GEO"]
[Date "2018.10.04"]
[Round "10.2"]
[White "Zaksaite, Salomeja"]
[Black "Omurbekova, Diana"]
[Result "1-0"]
[WhiteElo "2278"]
[BlackElo "1877"]
[PlyCount "77"]
[EventDate "2018.09.24"]
[EventType "team-swiss"]
[EventRounds "11"]
[EventCountry "GEO"]
[SourceTitle "Ajedrez en Madrid"]
[Source "lmi"]
[SourceDate "2018.09.24"]
[WhiteTeam "Lithuania"]
[BlackTeam "Kyrgyzstan"]
[WhiteTeamCountry "LTU"]
[BlackTeamCountry "KGZ"]

1. e4 e5 2. Nf3 Nc6 3. Bc4 Bc5 4. d3 Nf6 5. O-O d6 6. c3 O-O 7. Nbd2 Be6 8. Re1
Ng4 9. Re2 Bxc4 10. dxc4 a5 11. h3 Nf6 12. Nf1 Nh5 13. Re1 Nf4 14. Ne3 Ne7 15.
g3 Nxh3+ 16. Kg2 Nxf2 17. Kxf2 f5 18. exf5 e4 19. Nd4 Nxf5 20. Nexf5 Rxf5+ 21.
Kg2 Bxd4 22. Qxd4 c5 23. Qd1 Qb6 24. Bf4 e3 25. Rb1 Qc6+ 26. Qf3 Qa4 27. Qxe3
Rff8 28. Qd3 Qxa2 29. Rh1 g6 30. Qd5+ Rf7 31. Rxh7 Raf8 32. Rbh1 Qxb2+ 33. Bd2
Qc2 34. Rh8+ Kg7 35. R1h7+ Kf6 36. Qxd6+ Kf5 37. Rh5+ gxh5 38. Rxh5+ Kg4 39.
Rg5# 1-0

[Event "43. Olimpiada Batumi 2018 Femenina"]
[Site "Batumi GEO"]
[Date "2018.10.04"]
[Round "10.3"]
[White "Zairbek kyzy, Begimay"]
[Black "Batyte, Daiva"]
[Result "1-0"]
[WhiteElo "1770"]
[BlackElo "2172"]
[PlyCount "121"]
[EventDate "2018.09.24"]
[EventType "team-swiss"]
[EventRounds "11"]
[EventCountry "GEO"]
[SourceTitle "Ajedrez en Madrid"]
[Source "lmi"]
[SourceDate "2018.09.24"]
[WhiteTeam "Kyrgyzstan"]
[BlackTeam "Lithuania"]
[WhiteTeamCountry "KGZ"]
[BlackTeamCountry "LTU"]

1. e4 e6 2. d4 d5 3. exd5 exd5 4. Bd3 Nc6 5. c3 Bd6 6. h3 Qf6 7. Qh5 Nge7 8.
Bg5 Qe6+ 9. Ne2 g6 10. Qf3 f5 11. Bh6 Bd7 12. Nd2 O-O-O 13. b4 Rhg8 14. h4 Rde8
15. Rb1 f4 16. Kd1 Nd8 17. b5 Qf7 18. Bxf4 Bxf4 19. Qxf4 Qg7 20. g4 Rgf8 21.
Qg3 Qf6 22. Rf1 h6 23. Ng1 Ne6 24. Ngf3 Nf4 25. Ne5 g5 26. h5 Be6 27. Kc2 Bg8
28. Rbe1 Qb6 29. a4 Qa5 30. Ra1 Kd8 31. Nb3 Qb6 32. Nc5 Nxd3 33. Qxd3 c6 34.
Ned7 Qc7 35. Nxf8 Rxf8 36. Qg3 Rf4 37. Kd2 Nc8 38. Nd3 Nd6 39. f3 cxb5 40. Nxf4
gxf4 41. Qh4+ Kc8 42. Qf6 Bf7 43. Rfe1 Nc4+ 44. Ke2 bxa4 45. Kf2 Ne3 46. Qh8+
Kd7 47. Qf8 Be8 48. Qg7+ Kd8 49. Qxc7+ Kxc7 50. Rxe3 fxe3+ 51. Kxe3 b5 52. Kf4
a5 53. g5 Bxh5 54. gxh6 Bg6 55. Ke5 Kc6 56. f4 b4 57. cxb4 axb4 58. Rxa4 Kb5
59. Ra8 b3 60. Rb8+ Kc4 61. f5 1-0

[Event "43. Olimpiada Batumi 2018 Femenina"]
[Site "Batumi GEO"]
[Date "2018.10.04"]
[Round "10.4"]
[White "Sibajeva, Marija"]
[Black "Momunalieva, Shaadat"]
[Result "1-0"]
[WhiteElo "1980"]
[BlackElo "1594"]
[PlyCount "59"]
[EventDate "2018.09.24"]
[EventType "team-swiss"]
[EventRounds "11"]
[EventCountry "GEO"]
[SourceTitle "Ajedrez en Madrid"]
[Source "lmi"]
[SourceDate "2018.09.24"]
[WhiteTeam "Lithuania"]
[BlackTeam "Kyrgyzstan"]
[WhiteTeamCountry "LTU"]
[BlackTeamCountry "KGZ"]

1. e4 e6 2. d4 d5 3. Nd2 Nf6 4. e5 Nfd7 5. f4 c5 6. c3 Nc6 7. Ndf3 Be7 8. a3
O-O 9. Bd3 f6 10. Ne2 c4 11. Bc2 b5 12. O-O a5 13. Ng3 Bb7 14. f5 fxe5 15. fxe6
Nf6 16. Nxe5 Qb6 17. Rxf6 Nxe5 18. Bxh7+ Kxh7 19. Qh5+ Kg8 20. Rxf8+ Rxf8 21.
Qxe5 Rf6 22. Nf5 Qd8 23. Nxe7+ Qxe7 24. Bg5 Bc8 25. Bxf6 gxf6 26. Qxd5 Qxe6 27.
Qxe6+ Bxe6 28. Re1 Kf7 29. Rxe6 Kxe6 30. h4 1-0

[Event "43. Olimpiada Batumi 2018 Femenina"]
[Site "Batumi GEO"]
[Date "2018.10.04"]
[Round "10.1"]
[White "Agrest, Inna"]
[Black "Atalik, Ekaterina"]
[Result "0-1"]
[WhiteElo "2283"]
[BlackElo "2447"]
[PlyCount "88"]
[EventDate "2018.09.24"]
[EventType "team-swiss"]
[EventRounds "11"]
[EventCountry "GEO"]
[SourceTitle "Ajedrez en Madrid"]
[Source "lmi"]
[SourceDate "2018.09.24"]
[WhiteTeam "Sweden"]
[BlackTeam "Turkey"]
[WhiteTeamCountry "SWE"]
[BlackTeamCountry "TUR"]

1. e4 e5 2. Nf3 Nc6 3. Bb5 Nf6 4. O-O Nxe4 5. d4 Nd6 6. dxe5 Nxb5 7. a4 d6 8.
e6 fxe6 9. axb5 Nb4 10. Ng5 Nd5 11. Re1 Qe7 12. c4 Nf6 13. Nc3 e5 14. f4 Bg4
15. Qd3 h6 16. Nf3 Kf7 17. Bd2 Kg8 18. Ne4 exf4 19. Bc3 Nxe4 20. Rxe4 Qf7 21.
Qd4 d5 22. Ne5 dxe4 23. Nxf7 Kxf7 24. b4 Re8 25. Rf1 f3 26. gxf3 Bxf3 27. Qxa7
Re6 28. Kf2 Be7 29. Rg1 Bh4+ 30. Rg3 Bxg3+ 31. hxg3 Rd8 32. Qxb7 Re7 33. b6
cxb6 34. Qxb6 Rd3 35. Be1 Bg4 36. Qc5 e3+ 37. Kg2 e2 38. b5 Rd1 39. b6 Bf3+ 40.
Kxf3 Rxe1 41. Qd5+ Kf8 42. b7 Rb1 43. Qd8+ Re8 44. Qd6+ Kg8 0-1

[Event "43. Olimpiada Batumi 2018 Femenina"]
[Site "Batumi GEO"]
[Date "2018.10.04"]
[Round "10.2"]
[White "Yildiz Kadioglu, Betul Cemre"]
[Black "Fransson, Angelina"]
[Result "1-0"]
[WhiteElo "2287"]
[BlackElo "2004"]
[PlyCount "87"]
[EventDate "2018.09.24"]
[EventType "team-swiss"]
[EventRounds "11"]
[EventCountry "GEO"]
[SourceTitle "Ajedrez en Madrid"]
[Source "lmi"]
[SourceDate "2018.09.24"]
[WhiteTeam "Turkey"]
[BlackTeam "Sweden"]
[WhiteTeamCountry "TUR"]
[BlackTeamCountry "SWE"]

1. d4 Nf6 2. c4 g6 3. Nc3 Bg7 4. e4 d6 5. Be2 O-O 6. Nf3 e5 7. O-O Nc6 8. d5
Ne7 9. Bg5 h6 10. Bxf6 Bxf6 11. b4 a5 12. a3 b6 13. Nd2 Bg5 14. Nb3 Bd7 15.
bxa5 bxa5 16. a4 f5 17. c5 Be8 18. c6 Kg7 19. Rb1 Nc8 20. Bd3 Nb6 21. Qe2 f4
22. f3 Qb8 23. Nd2 Qc8 24. Rb5 h5 25. Nb3 Ra7 26. Rxa5 Rxa5 27. Nxa5 Qa8 28.
Ba6 Bf7 29. Nb3 Rb8 30. Bb5 Bf6 31. Rb1 g5 32. Kf1 Rg8 33. a5 Nc8 34. Ba6 Na7
35. Bb7 Qb8 36. Nd2 Qd8 37. Qf2 Nc8 38. Bxc8 Qxc8 39. Rb7 h4 40. h3 Qa8 41. Qa7
Qxa7 42. Rxa7 Rc8 43. a6 Bd8 44. Rb7 1-0

[Event "43. Olimpiada Batumi 2018 Femenina"]
[Site "Batumi GEO"]
[Date "2018.10.04"]
[Round "10.3"]
[White "Blazekovic, Nina"]
[Black "Arda, Cagil Irmak"]
[Result "0-1"]
[WhiteElo "1819"]
[BlackElo "2096"]
[PlyCount "58"]
[EventDate "2018.09.24"]
[EventType "team-swiss"]
[EventRounds "11"]
[EventCountry "GEO"]
[SourceTitle "Ajedrez en Madrid"]
[Source "lmi"]
[SourceDate "2018.09.24"]
[WhiteTeam "Sweden"]
[BlackTeam "Turkey"]
[WhiteTeamCountry "SWE"]
[BlackTeamCountry "TUR"]

1. Nf3 Nf6 2. c4 e6 3. g3 d5 4. Bg2 Be7 5. O-O Nbd7 6. d3 O-O 7. Nc3 c6 8. b3
b6 9. Bb2 Bb7 10. Rc1 Rc8 11. a3 Re8 12. Nd2 c5 13. Re1 Ba8 14. f4 d4 15. Nce4
Ng4 16. Nf1 f5 17. h3 fxe4 18. hxg4 e3 19. Nh2 e5 20. Rf1 exf4 21. Rxf4 Bd6 22.
Bxa8 Rxa8 23. Qf1 Bxf4 24. gxf4 Rf8 25. Qf3 Ne5 26. Qe4 Ng6 27. Rf1 Qd6 28. b4
Rae8 29. bxc5 bxc5 0-1

[Event "43. Olimpiada Batumi 2018 Femenina"]
[Site "Batumi GEO"]
[Date "2018.10.04"]
[Round "10.4"]
[White "Okuyaz, Duru"]
[Black "Zaritovskaja, Margarita"]
[Result "1-0"]
[WhiteElo "2108"]
[BlackElo "1731"]
[PlyCount "73"]
[EventDate "2018.09.24"]
[EventType "team-swiss"]
[EventRounds "11"]
[EventCountry "GEO"]
[SourceTitle "Ajedrez en Madrid"]
[Source "lmi"]
[SourceDate "2018.09.24"]
[WhiteTeam "Turkey"]
[BlackTeam "Sweden"]
[WhiteTeamCountry "TUR"]
[BlackTeamCountry "SWE"]

1. e4 c5 2. Nf3 e6 3. g3 Nc6 4. Bg2 Bd6 5. d4 cxd4 6. Nxd4 Bc5 7. Nxc6 dxc6 8.
Qxd8+ Kxd8 9. e5 Ne7 10. Nd2 Nd5 11. Ne4 Be7 12. c4 Nb4 13. O-O Kc7 14. Bd2 c5
15. Bxb4 cxb4 16. c5 Bd7 17. Nd6 Bxd6 18. cxd6+ Kb6 19. Rac1 Rac8 20. f4 Bb5
21. Rfd1 Be2 22. Re1 Bb5 23. Kf2 Rhd8 24. Ke3 a5 25. Kd4 Bd7 26. g4 g6 27. Be4
Rxc1 28. Rxc1 Rc8 29. Rf1 Rg8 30. f5 gxf5 31. gxf5 Rg4 32. fxe6 Bxe6 33. Ke3
Rh4 34. Bf5 Rxh2 35. Bxe6 fxe6 36. Rd1 Kc6 37. d7 1-0